[Event "ESP-ch 80th"]
[Site "Linares"]
[Date "2015.08.23"]
[Round "1"]
[White "Ceballos Hornero, Daniel"]
[Black "Fernandez Romero, Ernesto"]
[Result "0-1"]
[WhiteElo "2135"]
[BlackElo "2488"]
[PlyCount "80"]
[EventDate "2015.08.23"]
[EventType "swiss"]
[EventRounds "9"]
[EventCountry "ESP"]
[SourceTitle "EXT 2016"]
[Source "ChessBase"]
[SourceDate "2015.10.08"]
[SourceVersion "1"]
[SourceVersionDate "2015.10.08"]
[SourceQuality "1"]

1. f4 g6 2. Nf3 Bg7 3. g3 d6 4. Bg2 c5 5. e4 Nc6 6. d3 Rb8 7. Nc3 b5 8. h3 e6 9. 0-0 Nge7 10. Qe2 b4 11. Nd1 0-0 12. g4 f5 13. exf5 gxf5 14. g5 Qe8 15. c4 bxc3 16. Nxc3 Nd4 17. Qf2 Ba6 18. Rd1 Qh5 19. Kh2 Bb7 20. Rf1 Ng6 21. Ne1 Ba6 22. Be3 e5 23. Bxd4 cxd4 24. Bf3 Qh4 25. Nd5 Qxf2+ 26. Rxf2 Rfc8 27. Bd1 e4 28. Bb3 Kh8 29. Kg3 Rc5 30. h4 h5 31. gxh6 Bxh6 32. h5 Nf8 33. Rc2 Ne6 34. dxe4 fxe4 35. f5 Ng7 36. f6 Nf5+ 37. Kh2 d3 38. Rxc5 dxc5 39. Ne7 Nxe7 40. fxe7 Re8 0-1

[Event "Arctic Chess Challenge"]
[Site "Tromsoe"]
[Date "2009.08.04"]
[Round "4"]
[White "Ceballos Hornero, Daniel"]
[Black "Rolvag, Birk Anders"]
[Result "1/2-1/2"]
[WhiteElo "2183"]
[BlackElo "1904"]
[PlyCount "125"]
[EventDate "2009.08.01"]
[EventType "swiss"]
[EventRounds "9"]
[EventCountry "NOR"]
[SourceTitle "CBM 131 Extra"]
[Source "ChessBase"]
[SourceDate "2009.09.03"]
[SourceVersion "2"]
[SourceVersionDate "2009.09.16"]
[SourceQuality "1"]

1. c4 c5 2. Nc3 g6 3. Nf3 Bg7 4. g3 e5 5. Bg2 Nc6 6. 0-0 d6 7. d3 Nge7 8. Bd2 0-0 9. Qc1 Rb8 10. Bh6 f6 11. Bxg7 Kxg7 12. Nd2 Be6 13. Re1 b6 14. Nf1 d5 15. cxd5 Nxd5 16. Ne3 Nce7 17. Nexd5 Nxd5 18. Qc2 Qd7 19. Rac1 Rbd8 20. Nxd5 Bxd5 21. Bxd5 Qxd5 22. Qa4 Rf7 23. Rc4 Qd7 24. Qb3 Qc7 25. Qb5 Qb7 26. a4 Rd4 27. Rec1 Qd7 28. b4 Qxb5 29. axb5 Rxc4 30. Rxc4 cxb4 31. Rxb4 Rc7 32. f4 Kf7 33. fxe5 fxe5 34. Kf2 Ke6 35. Ke3 Kd5 36. h4 Rc2 37. Ra4 Rc7 38. Ra1 Ke6 39. Ke4 h5 40. e3 Rc5 41. Rxa7 Rxb5 42. Rg7 Rb4+ 43. d4 Kf6 44. Rc7 exd4 45. exd4 Rb1 46. Rc6+ Kf7 47. Ke5 Rb3 48. Rc7+ Ke8 49. Rc6 Rxg3 50. Rxb6 g5 51. Rh6 gxh4 52. Rxh5 h3 53. d5 Re3+ 54. Kd6 Kf7 55. Kc7 Rc3+ 56. Kd7 Kg6 57. Rh8 Kg5 58. d6 Kg4 59. Ke7 Re3+ 60. Kf6 Rd3 61. Ke7 Re3+ 62. Kf6 Rd3 63. Ke7 1/2-1/2

[Event "Cantabria-ch"]
[Site "Cantabria"]
[Date "2008.04.12"]
[Round "4"]
[White "Poveda Casas, Antonio"]
[Black "Ceballos Hornero, Daniel"]
[Result "1/2-1/2"]
[WhiteElo "2099"]
[BlackElo "2210"]
[PlyCount "104"]
[EventDate "2008.03.08"]
[EventType "swiss"]
[EventRounds "5"]
[EventCountry "ESP"]
[SourceTitle "EXT 2024"]
[Source "ChessBase"]
[SourceDate "2023.10.10"]
[SourceVersion "1"]
[SourceVersionDate "2023.10.10"]
[SourceQuality "1"]

1. e4 Nf6 2. e5 Nd5 3. c4 Nb6 4. c5 Nd5 5. Nc3 e6 6. Bc4 Nxc3 7. bxc3 b6 8. Qf3 Nc6 9. Qe3 bxc5 10. Nf3 d5 11. Bb3 Ne7 12. 0-0 c6 13. d4 h6 14. Bc2 g6 15. h4 Nf5 16. Bxf5 exf5 17. e6 Bd6 18. exf7+ Kxf7 19. Ne5+ Bxe5 20. Qxe5 Re8 21. Qf4 Re4 22. Qxh6 Rxh4 23. Qg5 Qxg5 24. Bxg5 Re4 25. f3 Re8 26. Kf2 Ba6 27. Rh1 Kg7 28. Rh4 Rh8 29. Rxh8 Kxh8 30. Bf6+ Kg8 31. Rh1 Re8 32. Be5 cxd4 33. cxd4 Re7 34. Rh8+ Kf7 35. f4 Rb7 36. Rh7+ Ke6 37. Rxb7 Bxb7 38. Ke3 Ba6 39. Bb8 Bc4 40. Bxa7 Bxa2 41. Bb8 Kf6 42. Be5+ Kf7 43. g3 Bc4 44. Kf3 Ke7 45. Ke3 Kd7 46. Kf3 Kc8 47. Bd6 Kb7 48. Bc5 Ka6 49. Kf2 Kb5 50. Ba7 Bb3 51. Bc5 Kc4 52. Ba7 Kd3 1/2-1/2

[Event "Crete Summer Cup 2nd"]
[Site "Agios Nikolaos"]
[Date "2007.07.28"]
[Round "8"]
[White "Ceballos Hornero, Daniel"]
[Black "Bernal Moro, Luis Javier"]
[Result "0-1"]
[WhiteElo "2195"]
[BlackElo "2431"]
[PlyCount "140"]
[EventDate "2007.07.21"]
[EventType "swiss"]
[EventRounds "9"]
[EventCountry "GRE"]
[SourceTitle "CBM 119 Extra"]
[Source "ChessBase"]
[SourceDate "2007.09.04"]
[SourceVersion "1"]
[SourceVersionDate "2007.09.04"]
[SourceQuality "1"]

1. c4 g6 2. Nc3 Bg7 3. d4 d6 4. e4 Nf6 5. f3 0-0 6. Bg5 a6 7. Qd2 Nbd7 8. Nh3 c5 9. d5 b5 10. cxb5 Qa5 11. Nf2 Nb6 12. Be2 axb5 13. Nxb5 Bd7 14. Qxa5 Rxa5 15. Nc3 Rb8 16. Nfd1 Na4 17. Bd2 Ne8 18. Rb1 Nxc3 19. Nxc3 Nc7 20. Bc4 Ra7 21. Ke2 Nb5 22. Nxb5 Bxb5 23. Bxb5 Rxb5 24. b4 cxb4 25. Rxb4 Rxb4 26. Bxb4 Rxa2+ 27. Bd2 f5 28. exf5 gxf5 29. Rd1 Be5 30. g3 Kf7 31. Kd3 Rb2 32. f4 Bf6 33. Rc1 Rb5 34. Be3 Rxd5+ 35. Ke2 Rb5 36. h3 Rb2+ 37. Kf3 h5 38. g4 hxg4+ 39. hxg4 Rb3 40. Ke2 fxg4 41. Rg1 Ke6 42. Rxg4 Kf5 43. Rg1 Ke4 44. Bc1 Rh3 45. Rg2 Rh1 46. Bd2 Ra1 47. Rg3 Ra2 48. Re3+ Kf5 49. Rd3 Ra4 50. Bc1 Bd4 51. Kf3 e6 52. Rd1 d5 53. Rh1 Ra2 54. Rh5+ Kg6 55. Rg5+ Kf6 56. Rh5 Rc2 57. Rh6+ Kf5 58. Rh5+ Kg6 59. Rh1 Rf2+ 60. Kg4 Rg2+ 61. Kf3 Ra2 62. Rd1 Ra1 63. Re1 Kf5 64. Rh1 Rb1 65. Rh5+ Kg6 66. Rg5+ Kf6 67. Bd2 Rb2 68. Ba5 Rb3+ 69. Ke2 Re3+ 70. Kd2 Re4 0-1

[Event "Calvia Autonomicas-chT"]
[Site "Calvia"]
[Date "2007.05.04"]
[Round "3"]
[White "Reinaldo Castineira, Roi"]
[Black "Ceballos Hornero, Daniel"]
[Result "1-0"]
[WhiteElo "2452"]
[BlackElo "2193"]
[PlyCount "64"]
[EventDate "2007.05.03"]
[EventType "team"]
[EventRounds "5"]
[EventCountry "ESP"]
[SourceTitle "CBM 118 Extra"]
[Source "ChessBase"]
[SourceDate "2007.07.04"]
[SourceVersion "1"]
[SourceVersionDate "2007.07.04"]
[SourceQuality "1"]

1. e4 e5 2. Nf3 Nf6 3. Nxe5 d6 4. Nf3 Nxe4 5. d4 d5 6. Bd3 Be7 7. 0-0 Nc6 8. c4 Nb4 9. Be2 0-0 10. Nc3 Bf5 11. a3 Nxc3 12. bxc3 Nc6 13. Bf4 Rc8 14. Qa4 a6 15. c5 Bf6 16. Ra2 g5 17. Bc1 Re8 18. Qd1 h6 19. Ne1 Qd7 20. Nc2 Bg7 21. Ne3 Be6 22. f4 f5 23. g4 gxf4 24. Nxf5 h5 25. Bd3 Ne7 26. Rxf4 hxg4 27. Nxg7 Kxg7 28. Raf2 Rh8 29. Qe2 Rh5 30. Rf6 g3 31. Qxh5 gxf2+ 32. Rxf2 Rg8 1-0

[Event "Benidorm Bali op-A"]
[Site "Benidorm"]
[Date "2003.11.24"]
[Round "5"]
[White "Goormachtigh, Johan"]
[Black "Ceballos Hornero, Daniel"]
[Result "1/2-1/2"]
[WhiteElo "2266"]
[BlackElo "2207"]
[PlyCount "71"]
[EventDate "2003.11.21"]
[EventType "swiss"]
[EventRounds "9"]
[EventCountry "ESP"]
[SourceTitle "CBM 097 Extra"]
[Source "ChessBase"]
[SourceDate "2004.01.13"]
[SourceVersion "1"]
[SourceVersionDate "2004.01.13"]
[SourceQuality "1"]

1. d4 d5 2. c4 c6 3. Nc3 Nf6 4. Nf3 dxc4 5. a4 Bf5 6. e3 Nbd7 7. Bxc4 e6 8. 0-0 Be7 9. Qe2 0-0 10. Rd1 Qc7 11. e4 Bg4 12. e5 Nd5 13. Nxd5 cxd5 14. Bd3 Rfc8 15. h3 Bh5 16. Bxh7+ Kxh7 17. Ng5+ Bxg5 18. Qxh5+ Bh6 19. Bxh6 gxh6 20. Qxf7+ Kh8 21. Qg6 Nf8 22. Qxh6+ Qh7 23. Qxh7+ Kxh7 24. Rac1 Ng6 25. g3 Ne7 26. g4 Rxc1 27. Rxc1 Rc8 28. Rxc8 Nxc8 29. f4 Ne7 30. Kf2 a6 31. Ke3 b5 32. axb5 axb5 33. h4 Kh6 34. h5 b4 35. Kd2 Nc6 36. Kd3 1/2-1/2

[Event "Benidorm Bali op-A"]
[Site "Benidorm"]
[Date "2003.11.21"]
[Round "1"]
[White "De Juan Tobalina, Rafael"]
[Black "Ceballos Hornero, Daniel"]
[Result "0-1"]
[WhiteElo "2082"]
[BlackElo "2207"]
[PlyCount "148"]
[EventDate "2003.11.21"]
[EventType "swiss"]
[EventRounds "9"]
[EventCountry "ESP"]
[SourceTitle "CBM 097 Extra"]
[Source "ChessBase"]
[SourceDate "2004.01.13"]
[SourceVersion "1"]
[SourceVersionDate "2004.01.13"]
[SourceQuality "1"]

1. e4 e5 2. Nf3 Nc6 3. Nc3 g6 4. Bc4 Bg7 5. d3 Nf6 6. Bg5 d6 7. h3 h6 8. Be3 0-0 9. Qd2 Kh7 10. g4 Nd7 11. 0-0-0 Nb6 12. Bb3 Be6 13. d4 Na5 14. dxe5 Nxb3+ 15. cxb3 dxe5 16. Qe2 Qe7 17. g5 h5 18. Qb5 Bd7 19. Qc5 Qxc5 20. Bxc5 Rfd8 21. Be7 Re8 22. Bc5 Rad8 23. Bxb6 axb6 24. Nd5 Be6 25. Nf6+ Bxf6 26. gxf6 Rxd1+ 27. Kxd1 Kh6 28. Kc1 Bd7 29. h4 Re6 30. Rd1 Bc6 31. Ng5 Rxf6 32. f3 Kg7 33. Rd8 Rd6 34. Rc8 Rd7 35. a4 b5 36. a5 b4 37. Kc2 Bb5 38. Rb8 Bd3+ 39. Kc1 Ba6 40. Rc8 Re7 41. Kd2 Rd7+ 42. Ke1 Bd3 43. Rb8 c6 44. Kf2 Bc2 45. a6 bxa6 46. Rxb4 Bd3 47. Rb8 Bb5 48. Ke1 Kf6 49. Rf8 Rb7 50. Kd2 Rc7 51. b4 Rd7+ 52. Kc2 Kg7 53. Ra8 Re7 54. Rd8 f6 55. Nh3 Be2 56. Ng1 Bf1 57. Kc3 g5 58. Rd1 Bb5 59. Nh3 Be2 60. Rg1 Bxf3 61. hxg5 Bxe4 62. gxf6+ Kxf6 63. Ra1 Bf5 64. Nf2 Re6 65. Rxa6 e4 66. Ra1 h4 67. Re1 Kg5 68. Kd2 Kf4 69. Ke2 e3 70. Nh1 Bg4+ 71. Kf1 Re4 72. Rc1 Rxb4 73. Rxc6 Rxb2 74. Rf6+ Bf5 0-1

[Event "Santander op"]
[Site "Santander"]
[Date "2000.??.??"]
[Round "3"]
[White "Toledo Lopez, Francisco J"]
[Black "Ceballos Hornero, Daniel"]
[Result "1-0"]
[WhiteElo "2159"]
[BlackElo "2130"]
[PlyCount "98"]
[EventDate "2000.??.??"]
[EventType "swiss"]
[EventRounds "3"]
[EventCountry "ESP"]
[SourceTitle "EXT 2001"]
[Source "ChessBase"]
[SourceDate "2000.11.22"]
[SourceVersion "1"]
[SourceVersionDate "2000.11.22"]
[SourceQuality "1"]

1. Nf3 Nf6 2. c4 e6 3. g3 d5 4. d4 Nbd7 5. Bg2 Be7 6. 0-0 0-0 7. Nc3 dxc4 8. e4 a6 9. a4 b6 10. Nd2 Bb7 11. Nxc4 c5 12. d5 b5 13. axb5 axb5 14. Rxa8 Qxa8 15. Nxb5 exd5 16. exd5 Qa6 17. Nba3 Rd8 18. Re1 Bf8 19. Bf4 Qa8 20. Nb5 Qa6 21. Ncd6 Bxd6 22. Nxd6 Ba8 23. Nf5 Nb6 24. Bg5 Nbd7 25. Qd2 g6 26. Ne7+ Kg7 27. Bh6+ Kh8 28. Qc3 Re8 29. Nxg6+ hxg6 30. Rxe8+ Kh7 31. Rxa8 Qxa8 32. d6 Qa4 33. b3 Qg4 34. Bf3 Qf5 35. Bf4 g5 36. Bc1 Ne5 37. Kg2 g4 38. Ba8 Nd3 39. Be3 Nd5 40. Bxd5 Qxd5+ 41. Kf1 Qxd6 42. Ke2 Ne5 43. Bxc5 Qa6+ 44. Kd2 f6 45. Be3 Qf1 46. Kc2 Qh1 47. Qd4 Qxh2 48. Qe4+ Kg7 49. Bd4 Kf7 1-0